02420cam a2200253 i 4500999001700000001000900017005001700026008004100043010001700084020004600101041000800147080001700155245145900172246005101631250001901682264004201701300006201743336002101805650003501826653009801861700005501959942001202014952014002026 c57469d574691867307520221107104251.0150623s2016 paua b 001 0 eng  a 2015025018 a9780323280464 (hardcover : alk. paper) 1 aeng a616+615 B-8400aBraddom's physical medicine & rehabilitation /cedited by David X. Cifu ; associate editors, Darryl L. Kaelin, University of Louisville Endowed Chair of Stroke and Brain Injury Rehabilitation, Chief, Division of Physical Medicine and Rehabilitation, Director, Physical Medicine and Rehabilitation Residency Program, Department of Neurological Surgery, University of Louisville School of Medicine, Frazier Rehab Institute/Jewish Hospital, Neuroscience Collaborative Center, Louisville, Kentucky, Karen J. Kowalske, Professor, Physical Medicine and Rehabilitation, University of Texas Southwestern Medical Center, Dallas, Texas, Henry L. Lew, Professor, Physical Medicine and Rehabilitation, Virginia Commonwealth University School of Medicine, Richmond, Virginia, Professor, Communication Science and Disorders, University of Hawaii School of Medicine, Honolulu, Hawaii, Michelle A. Miller, MD, Clinical Assistant Professor, Departments of Physical Medicine and Rehabilitation, The Ohio State University Wexner Medical Center, Section Chief, Pediatric Physical Medicine and Rehabilitation, Nationwide Children's Hospital, Columbus, Ohio, Kristjan T. Ragnarsson, MD, Lucy G. Moses Professor and Chairman, Department of Rehabilitation Medicine, Icahn School of Medicine at Mount Sinai, New York, New York, Gregory Worsowicz, MD, MBA, Professor of Clinical Physical Medicine and Rehabilitation, University of Missouri School of Medicine, Columbia, Missouri.1 aBraddom's physical medicine and rehabilitation aFifth edition. 1aPhiladelphia, PA :bElsevier,c[2016] axxiii, 1204 pages :billustrations (some color) ;c29 cm. atext2rdacontent22aRehabilitationxmethods.98417 aფიზიკური მედიცინა და რეაბილიტაცია1 aCifu, David X.,eრედაქტორი98759 2udccBK 00102udc406616615_B8470989180aCPLbCPLcGENd2020-06-25g646.00o616+615 B-84p60666r2020-06-25t60666w2020-06-25yBKz646 ლ.